| 000 | 00492nmm a2200169Ia 4500 | ||
|---|---|---|---|
| 008 | 251105s9999||||xx |||||||||||||||||und|| | ||
| 020 | _a9788468782751 | ||
| 041 | _aspa | ||
| 100 | _aM. Anderson, Sarah | ||
| 245 | 0 | _aUn seductor enamorado | |
| 264 |
_a[Madrid, España] : _bHarlequin, _c[Fecha de publicación no identificada] |
||
| 300 | _a0 páginas | ||
| 490 | _a'Los hermanos bolton' | ||
| 650 | _aRomance | ||
| 856 | _uhttps://public.digitaliapublishing.com/a/95134 | ||
| 942 | _cCF | ||
| 999 |
_c84492 _d84492 |
||